00241nam a2200109Ia 4500008004100000100002100041245002200062260001500084300001000099942000700109999001500116190216s9999||||xx |||||||||||||| ||und|| aIsaac D Vedakkan 0aAdvanced Accounts bNullc1947 a1042p cBK c4600d4600